Quatrieme gemissement d'une ame vivement touchée de la Constitution de N.S.P. le Pape Clement XI

Detalles Bibliográficos
Formato: Libro
Lenguaje:Undetermined
French
Publicado: Amsterdam : aux dépends de la Compagnie, 1753.
Edición:Nouvelle edition
Materias:
Colección:Banco de datos
Acervo:Biblioteca Palafoxiana. Colección bibliográfica
Descripción Física:XXXIII, 226, [36], [14] p. ; 4°
Tema general:Historia eclesiástica
Notas:Número de localización: 9200-C
LEADER 00646nam a2200181Ia 4500
008 150723s9999 xx 000 0 und d
041 0 |a fre 
050 0 |a PAFX BR143 P7 1739 
245 1 0 |a Quatrieme gemissement d'une ame vivement touchée de la Constitution de N.S.P. le Pape Clement XI 
250 |a Nouvelle edition 
260 |a Amsterdam : aux dépends de la Compagnie, 1753. 
300 |a XXXIII, 226, [36], [14] p. ; 4° 
500 |a Número de localización: 9200-C 
501 |a Encuadernado con 2 obras 
650 1 0 |a Historia eclesiástica 
942 |c PALALIB 
943 |g Biblioteca Palafoxiana. Colección bibliográfica 
999 |c 1052499  |d 1052499